Madju terus; dokumen-dokumen Kongres Nasional ke-VII (luarbiasa) (Record no. 60281)

MARC details
000 -LEADER
fixed length control field 00672cam a22002171 4500
001 - CONTROL NUMBER
control field sa 64007472
003 - CONTROL NUMBER IDENTIFIER
control field DLC
005 - DATE AND TIME OF LATEST TRANSACTION
control field 20260227112047.0
008 - FIXED-LENGTH DATA ELEMENTS--GENERAL INFORMATION
fixed length control field 890317m19639999io ac 000 0 ind
010 ## - LIBRARY OF CONGRESS CONTROL NUMBER
LC control number sa 64007472
035 ## - SYSTEM CONTROL NUMBER
System control number (OCoLC)23560754
040 ## - CATALOGING SOURCE
Original cataloging agency DLC
Transcribing agency MiU
Modifying agency DLC
042 ## - AUTHENTICATION CODE
Authentication code premarc
043 ## - GEOGRAPHIC AREA CODE
Geographic area code a-io---
050 00 - LIBRARY OF CONGRESS CALL NUMBER
Classification number JQ779.A55
Item number A75 1962
111 2# - MAIN ENTRY--MEETING NAME
Meeting name or jurisdiction name as entry element Partai Komunis Indonesia. Kongres
Number of part/section/meeting (7th :
Date of meeting or treaty signing 1962 :
Location of meeting Djakarta)
245 10 - TITLE STATEMENT
Title Madju terus; dokumen-dokumen Kongres Nasional ke-VII (luarbiasa)
260 ## - PUBLICATION, DISTRIBUTION, ETC.
Place of publication, distribution, etc. [Djakarta,
Name of publisher, distributor, etc. Jajasan Pembaruan,
Date of publication, distribution, etc. 1963-]
300 ## - PHYSICAL DESCRIPTION
Extent v.
Other physical details illus., ports.
Dimensions 20 cm.
651 #0 - SUBJECT ADDED ENTRY--GEOGRAPHIC NAME
Geographic name Indonesia
General subdivision Politics and government
Chronological subdivision 1950-1966.

No items available.

Powered by Koha